Personal Management Work Book (Record no. 3965)

MARC details
000 -LEADER
fixed length control field 00357nam a22001457a 4500
008 - FIXED-LENGTH DATA ELEMENTS--GENERAL INFORMATION
fixed length control field 250625b |||||||| |||| 00| 0 eng d
020 ## - INTERNATIONAL STANDARD BOOK NUMBER
ISBN 0471763489
100 ## - MAIN ENTRY--AUTHOR
Author SCHERMERHORN John R. J
245 ## - TITLE STATEMENT
Title Personal Management Work Book
250 ## - EDITION STATEMENT
Edition statement 8th Edition
260 ## - PUBLICATION, DISTRIBUTION, ETC. (IMPRINT)
Place of publication U. S. A
Name of publisher SUSAN Elbe
Date of publication 2006
300 ## - COLLATION
Pagination 181p.
942 ## - ADDED ENTRY ELEMENTS (KOHA)
Item type Books
050 ## - LIBRARY OF CONGRESS CALL NUMBER
Classification number HD3625
Item number S34
Holdings
Source of classification or shelving scheme Not for loan Permanent location Current location Date acquired Accession No. Full call number Barcode. Koha item type
Dewey Decimal Classification   Samuel Ogbemudia Main Library, University of Abuja Samuel Ogbemudia Main Library, University of Abuja 06/25/2025 2009-391112 HD3625S34 2025-2670 Books